Catàleg del Col·legi de Periodistes de Catalunya

Els homes de "Joventut" (Registre núm. 1143)

000 -CABECERA
Longitud fija campo de control 00520naa a2200157 a 4500
001 - NÚMERO DE CONTROL
Número de control 1143
003 - IDENTIFICADOR DEL NÚMERO DE CONTROL
Identificador del número de control CDMR
005 - FECHA Y HORA DE LA ÚLTIMA TRANSACCIÓN
Fecha y hora de la última transacción 20130404185310.0
008 - CÓDIGOS DE INFORMACIÓN DE LONGITUD FIJA
Códigos de información de longitud fija 130130s ||||||||||||r|||||||||||||||d
040 ## - FUENTE DE LA CATALOGACIÓN
Centro catalogador de origen CDMR
Lengua de catalogación cat
Centro transcriptor CDMR
100 1# - PUNTO DE ACCESO PRINCIPAL-NOMBRE DE PERSONA
Nombre de persona Busquets i Punset, Antoni
9 (RLIN) 895
245 14 - MENCIÓN DE TÍTULO
Título Els homes de "Joventut"
Resto del título : conferència llegida a Ràdio Associació per Joan Costa i Deu : dia 15 de juliol
650 04 - PUNTO DE ACCESO ADICIONAL DE MATERIA - TÉRMINO DE MATERIA
Término de materia o nombre geográfico como elemento inicial Periodistes
9 (RLIN) 2400
Subdivisión geográfica Catalunya
773 0# - ENLACE AL DOCUMENTO FUENTE
Título Associació de Periodistes de Barcelona
Parte(s) relacionada(s) 1933, p133-143
Número de control del registro relacionado 315
942 ## - ENTRADA DE ELEMENTOS AGREGADOS (KOHA)
Koha [por defecto] tipo de item Capítols
Fuente de clasificaión o esquema
Fons
Suprimido Perdido Estropeado No para préstamo Localización permanente Localización actual Fecha adquisición Préstamos totales Código de barras Fecha última consulta Fecha del precio de reemplazo Tipo de item de Koha
        Centre de Documentació Montserrat Roig Centre de Documentació Montserrat Roig 2013-01-16   87884420130116125144 2013-01-16 2013-01-16 Capítols

Implantat amb Koha